[Event "Deutsche Ländermeisterschaft 2025"]
[Site "Oer-Erkenschwick GER"]
[Date "2025.10.03"]
[Round "5"]
[White "Retzlaff, Nick"]
[Black "Shevchenko, Igor"]
[Result "1-0"]
[Termination "normal"]
[Board "2.6"]
[WhiteElo "1875"]
[BlackElo "1985"]
[WhiteClock "00:28:19"]
[BlackClock "00:35:14"]
[WhiteTeam "Württemberg"]
[BlackTeam "Sachsen-Anhalt"]
[PlyCount "115"]
[WhiteFideId "34610367"]
[BlackFideId "34634924"]
[EventCountry "GER"]
[EventRounds "7"]
[EventType "team-swiss"]
[EventDate "2025.09.30"]

1. e4 {[%clk 01:30:09]} {[%emt 00:00:50]} c6 {[%clk 01:28:57]} {[%emt
00:02:04]} 2. Nc3 {[%clk 01:30:04]} {[%emt 00:00:35]} d5 {[%clk 01:28:54]}
{[%emt 00:00:33]} 3. Nf3 {[%clk 01:30:25]} {[%emt 00:00:10]} dxe4 {[%clk
01:29:02]} {[%emt 00:00:21]} 4. Nxe4 {[%clk 01:30:49]} {[%emt 00:00:06]} Nf6
{[%clk 01:29:10]} {[%emt 00:00:22]} 5. Qe2 {[%clk 01:31:15]} {[%emt 00:00:05]}
Nxe4 {[%clk 01:29:33]} {[%emt 00:00:06]} 6. Qxe4 {[%clk 01:31:39]} {[%emt
00:00:06]} Qd5 {[%clk 01:29:54]} {[%emt 00:00:10]} 7. Qh4 {[%clk 01:32:01]}
{[%emt 00:00:07]} Bf5 {[%clk 01:27:45]} {[%emt 00:02:38]} 8. Bc4 {[%clk
01:28:42]} {[%emt 00:03:50]} Qd6 {[%clk 01:17:22]} {[%emt 00:10:52]} 9. d3
{[%clk 01:26:44]} {[%emt 00:02:29]} e6 {[%clk 01:10:21]} {[%emt 00:07:30]} 10.
O-O {[%clk 01:25:02]} {[%emt 00:02:12]} Be7 {[%clk 01:02:08]} {[%emt 00:08:44]}
11. Qg3 {[%clk 01:22:28]} {[%emt 00:03:04]} Qxg3 {[%clk 01:01:24]} {[%emt
00:01:13]} 12. fxg3 {[%clk 01:14:01]} {[%emt 00:08:56]} Nd7 {[%clk 00:52:12]}
{[%emt 00:09:42]} 13. Be3 {[%clk 01:09:55]} {[%emt 00:04:36]} O-O {[%clk
00:42:30]} {[%emt 00:10:12]} 14. Nd4 {[%clk 01:03:03]} {[%emt 00:07:23]} Bf6
{[%clk 00:35:00]} {[%emt 00:07:59]} 15. Nxf5 {[%clk 01:01:05]} {[%emt
00:02:29]} exf5 {[%clk 00:35:14]} {[%emt 00:00:16]} 16. Rxf5 {[%clk 00:59:05]}
{[%emt 00:02:30]} b5 {[%clk 00:35:22]} {[%emt 00:00:22]} 17. Bb3 {[%clk
00:58:27]} {[%emt 00:01:08]} Bxb2 {[%clk 00:35:04]} {[%emt 00:00:48]} 18. Raf1
{[%clk 00:56:07]} {[%emt 00:02:51]} Bf6 {[%clk 00:34:36]} {[%emt 00:00:57]} 19.
a4 {[%clk 00:47:08]} {[%emt 00:09:29]} a6 {[%clk 00:32:47]} {[%emt 00:02:19]}
20. g4 {[%clk 00:44:34]} {[%emt 00:03:03]} h6 {[%clk 00:20:21]} {[%emt
00:12:57]} 21. g3 {[%clk 00:27:51]} {[%emt 00:17:13]} Rfe8 {[%clk 00:19:30]}
{[%emt 00:01:20]} 22. Bc1 {[%clk 00:11:28]} {[%emt 00:16:54]} Re5 {[%clk
00:13:05]} {[%emt 00:06:55]} 23. g5 {[%clk 00:10:02]} {[%emt 00:01:56]} hxg5
{[%clk 00:03:48]} {[%emt 00:09:47]} 24. Bxg5 {[%clk 00:04:40]} {[%emt
00:05:52]} bxa4 {[%clk 00:04:01]} {[%emt 00:00:16]} 25. Rxe5 {[%clk 00:04:29]}
{[%emt 00:00:42]} Nxe5 {[%clk 00:02:56]} {[%emt 00:01:35]} 26. Bxf6 {[%clk
00:04:48]} {[%emt 00:00:11]} gxf6 {[%clk 00:03:11]} {[%emt 00:00:15]} 27. Bxa4
{[%clk 00:05:04]} {[%emt 00:00:13]} Kg7 {[%clk 00:03:02]} {[%emt 00:00:39]} 28.
d4 {[%clk 00:05:15]} {[%emt 00:00:19]} Ng6 {[%emt 00:00:38]} 29. Bxc6 {[%clk
00:05:16]} {[%emt 00:00:27]} Rc8 {[%clk 00:03:11]} {[%emt 00:00:15]} 30. Be4
{[%clk 00:05:24]} {[%emt 00:00:22]} Ne7 {[%clk 00:03:07]} {[%emt 00:00:34]} 31.
Kf2 {[%clk 00:04:36]} {[%emt 00:01:20]} f5 {[%clk 00:01:10]} {[%emt 00:02:27]}
32. Bd3 {[%clk 00:03:58]} {[%emt 00:01:07]} Kf6 {[%clk 00:01:12]} {[%emt
00:00:27]} 33. Ke3 {[%clk 00:03:44]} {[%emt 00:00:44]} Kg5 {[%clk 00:01:03]}
{[%emt 00:00:39]} 34. c4 {[%clk 00:02:53]} {[%emt 00:01:21]} Rc6 {[%clk
00:00:55]} {[%emt 00:00:38]} 35. d5 {[%clk 00:02:03]} {[%emt 00:01:19]} Rd6
{[%clk 00:00:56]} {[%emt 00:00:28]} 36. Kd4 {[%clk 00:01:47]} {[%emt 00:00:47]}
f6 {[%clk 00:00:42]} {[%emt 00:00:45]} 37. Kc5 {[%clk 00:01:15]} {[%emt
00:01:01]} Rd8 {[%clk 00:01:03]} {[%emt 00:00:09]} 38. Rf4 {[%clk 00:00:41]}
{[%emt 00:01:04]} a5 {[%clk 00:01:14]} {[%emt 00:00:18]} 39. h4 {[%clk
00:00:49]} {[%emt 00:00:23]} Kg6 {[%clk 00:01:38]} {[%emt 00:00:05]} 40. g4
{[%clk 00:00:50]} {[%emt 00:00:29]} a4 {[%clk 00:01:52]} {[%emt 00:00:16]} 41.
Bxf5+ {[%clk 00:01:08]} {[%emt 00:00:12]} Kg7 {[%clk 00:02:12]} {[%emt
00:00:10]} 42. d6 {[%clk 00:29:58]} {[%emt 00:01:40]} Nc8 {[%clk 00:32:04]}
{[%emt 00:00:38]} 43. Bxc8 {[%emt 00:01:16]} Rxc8+ {[%clk 00:32:25]} {[%emt
00:00:02]} 44. Kb4 {[%clk 00:28:25]} {[%emt 00:01:24]} Ra8 {[%clk 00:32:33]}
{[%emt 00:00:22]} 45. Rf3 {[%clk 00:28:38]} {[%emt 00:00:17]} Kf7 {[%clk
00:32:41]} {[%emt 00:00:21]} 46. g5 {[%clk 00:27:59]} {[%emt 00:01:09]} Ke6
{[%clk 00:33:02]} {[%emt 00:00:08]} 47. gxf6 {[%clk 00:27:42]} {[%emt
00:00:48]} a3 {[%clk 00:32:58]} {[%emt 00:00:34]} 48. Rxa3 {[%clk 00:27:29]}
{[%emt 00:00:43]} Rb8+ {[%clk 00:33:23]} {[%emt 00:00:04]} 49. Kc5 {[%clk
00:26:56]} {[%emt 00:01:03]} Rc8+ {[%clk 00:33:34]} {[%emt 00:00:19]} 50. Kd4
{[%clk 00:26:44]} {[%emt 00:00:43]} Kxd6 {[%clk 00:33:55]} {[%emt 00:00:07]}
51. Ra6+ {[%clk 00:27:06]} {[%emt 00:00:09]} Kd7 {[%clk 00:34:19]} {[%emt
00:00:06]} 52. Kd5 {[%clk 00:27:11]} {[%emt 00:00:24]} Ke8 {[%clk 00:34:43]}
{[%emt 00:00:06]} 53. Ke6 {[%clk 00:27:24]} {[%emt 00:00:17]} Kf8 {[%clk
00:35:02]} {[%emt 00:00:11]} 54. c5 {[%clk 00:27:31]} {[%emt 00:00:24]} Rd8
{[%clk 00:34:57]} {[%emt 00:00:35]} 55. c6 {[%clk 00:27:22]} {[%emt 00:00:39]}
Rc8 {[%clk 00:35:03]} {[%emt 00:00:23]} 56. c7 {[%clk 00:27:41]} {[%emt
00:00:12]} Kg8 {[%clk 00:34:54]} {[%emt 00:00:38]} 57. Kd7 {[%clk 00:27:57]}
{[%emt 00:00:15]} Rxc7+ {[%clk 00:35:14]} {[%emt 00:00:10]} 58. Kxc7 {[%clk
00:28:19]} {[%emt 00:00:09]} 1-0

[Event "Deutsche Ländermeisterschaft 2025"]
[Site "Oer-Erkenschwick GER"]
[Date "2025.10.03"]
[Round "5"]
[White "Rössling, Laura Marie"]
[Black "Balazs, Sztella Anna"]
[Result "0-1"]
[Termination "normal"]
[Board "2.7"]
[WhiteElo "1752"]
[BlackElo "1831"]
[WhiteClock "00:00:37"]
[BlackClock "00:04:54"]
[WhiteTeam "Sachsen-Anhalt"]
[BlackTeam "Württemberg"]
[PlyCount "106"]
[WhiteFideId "16289471"]
[BlackFideId "799645"]
[EventCountry "GER"]
[EventRounds "7"]
[EventType "team-swiss"]
[EventDate "2025.09.30"]

1. e4 {[%clk 01:30:52]} {[%emt 00:00:07]} c5 {[%clk 01:30:57]} {[%emt
00:00:04]} 2. Nf3 {[%clk 01:30:57]} {[%emt 00:00:25]} d6 {[%clk 01:31:22]}
{[%emt 00:00:05]} 3. d4 {[%clk 01:31:06]} {[%emt 00:00:20]} cxd4 {[%clk
01:31:47]} {[%emt 00:00:06]} 4. Nxd4 {[%clk 01:31:20]} {[%emt 00:00:15]} Nf6
{[%clk 01:32:11]} {[%emt 00:00:06]} 5. Nc3 {[%clk 01:31:27]} {[%emt 00:00:23]}
Nc6 {[%clk 01:32:35]} {[%emt 00:00:07]} 6. Be2 {[%clk 01:19:19]} {[%emt
00:12:38]} e5 {[%clk 01:24:49]} {[%emt 00:08:16]} 7. Nb3 {[%clk 01:14:54]}
{[%emt 00:04:55]} Be6 {[%clk 01:24:39]} {[%emt 00:00:40]} 8. O-O {[%clk
01:13:48]} {[%emt 00:01:36]} d5 {[%clk 01:21:08]} {[%emt 00:04:01]} 9. exd5
{[%clk 01:06:54]} {[%emt 00:07:24]} Nxd5 {[%clk 01:21:21]} {[%emt 00:00:17]}
10. Nxd5 {[%clk 01:00:59]} {[%emt 00:06:25]} Bxd5 {[%clk 01:14:14]} {[%emt
00:07:37]} 11. f4 {[%clk 00:56:20]} {[%emt 00:05:09]} Be7 {[%clk 01:09:38]}
{[%emt 00:05:06]} 12. Kh1 {[%clk 00:50:16]} {[%emt 00:06:34]} exf4 {[%clk
01:04:13]} {[%emt 00:05:55]} 13. Bxf4 {[%clk 00:49:15]} {[%emt 00:01:32]} O-O
{[%clk 01:03:18]} {[%emt 00:01:25]} 14. c3 {[%clk 00:45:43]} {[%emt 00:04:01]}
Bg5 {[%clk 00:58:56]} {[%emt 00:04:52]} 15. Qc2 {[%clk 00:40:04]} {[%emt
00:06:04]} Bxf4 {[%clk 00:51:54]} {[%emt 00:07:38]} 16. Rxf4 {[%clk 00:40:06]}
{[%emt 00:00:28]} Qg5 {[%clk 00:50:38]} {[%emt 00:01:46]} 17. Rg4 {[%clk
00:36:22]} {[%emt 00:04:13]} Qe3 {[%clk 00:48:07]} {[%emt 00:03:02]} 18. Rg3
{[%clk 00:31:17]} {[%emt 00:05:35]} Qe5 {[%clk 00:46:16]} {[%emt 00:02:20]} 19.
Bd3 {[%clk 00:29:45]} {[%emt 00:02:02]} h6 {[%clk 00:44:11]} {[%emt 00:02:36]}
20. Rf1 {[%clk 00:25:39]} {[%emt 00:04:34]} Rfe8 {[%clk 00:41:29]} {[%emt
00:03:14]} 21. Qf2 {[%clk 00:21:07]} {[%emt 00:05:01]} b6 {[%clk 00:31:52]}
{[%emt 00:10:07]} 22. Bb5 {[%clk 00:18:25]} {[%emt 00:03:12]} Rec8 {[%clk
00:22:06]} {[%emt 00:10:16]} 23. Rg4 {[%clk 00:10:58]} {[%emt 00:07:56]} Be6
{[%clk 00:16:38]} {[%emt 00:05:59]} 24. Bxc6 {[%clk 00:10:00]} {[%emt
00:01:28]} Rxc6 {[%clk 00:16:53]} {[%emt 00:00:16]} 25. Rf4 {[%clk 00:09:32]}
{[%emt 00:00:57]} Rc7 {[%clk 00:16:45]} {[%emt 00:00:39]} 26. Re1 {[%clk
00:07:58]} {[%emt 00:02:02]} Qg5 {[%clk 00:15:44]} {[%emt 00:01:32]} 27. Rfe4
{[%clk 00:07:06]} {[%emt 00:01:20]} Rd8 {[%clk 00:12:20]} {[%emt 00:03:56]} 28.
Rd4 {[%clk 00:02:42]} {[%emt 00:04:55]} Rdc8 {[%clk 00:08:14]} {[%emt
00:04:36]} 29. h3 {[%clk 00:02:05]} {[%emt 00:01:07]} Rc6 {[%clk 00:07:45]}
{[%emt 00:00:59]} 30. Rf4 {[%clk 00:01:52]} {[%emt 00:00:41]} Rd6 {[%clk
00:06:55]} {[%emt 00:01:21]} 31. Nd2 {[%clk 00:01:19]} {[%emt 00:01:03]} Qg6
{[%clk 00:06:24]} {[%emt 00:01:01]} 32. Ne4 {[%clk 00:01:27]} {[%emt 00:00:22]}
Rd3 {[%clk 00:06:17]} {[%emt 00:00:37]} 33. Nf6+ {[%clk 00:00:41]} {[%emt
00:01:16]} Kh8 {[%clk 00:05:56]} {[%emt 00:00:50]} 34. Ng4 {[%clk 00:01:04]}
{[%emt 00:00:07]} Bxg4 {[%clk 00:01:48]} {[%emt 00:04:38]} 35. Rxg4 {[%clk
00:01:30]} {[%emt 00:00:04]} Qh5 {[%clk 00:02:08]} {[%emt 00:00:11]} 36. Rge4
{[%clk 00:01:27]} {[%emt 00:00:32]} f6 {[%clk 00:00:57]} {[%emt 00:01:41]} 37.
R4e3 {[%clk 00:01:27]} {[%emt 00:00:30]} Rd5 {[%clk 00:01:09]} {[%emt
00:00:18]} 38. Re7 {[%clk 00:01:12]} {[%emt 00:00:44]} Rcd8 {[%clk 00:01:19]}
{[%emt 00:00:20]} 39. R1e2 {[%clk 00:00:54]} {[%emt 00:00:48]} Ra5 {[%clk
00:00:50]} {[%emt 00:01:00]} 40. a3 {[%clk 00:01:05]} {[%emt 00:00:19]} Qg6
{[%clk 00:00:52]} {[%emt 00:00:28]} 41. Re1 {[%clk 00:29:20]} {[%emt 00:02:14]}
Kh7 {[%clk 00:24:11]} {[%emt 00:07:11]} 42. Rc7 {[%clk 00:22:55]} {[%emt
00:06:55]} Rf5 {[%clk 00:17:48]} {[%emt 00:06:54]} 43. Qg1 {[%clk 00:20:33]}
{[%emt 00:02:49]} Qg3 {[%clk 00:14:36]} {[%emt 00:03:43]} 44. Rce7 {[%clk
00:18:25]} {[%emt 00:02:38]} Rd2 {[%clk 00:12:28]} {[%emt 00:02:38]} 45. R7e2
{[%clk 00:16:59]} {[%emt 00:01:56]} Rf2 {[%clk 00:11:49]} {[%emt 00:01:09]} 46.
Rxd2 {[%clk 00:14:25]} {[%emt 00:03:04]} Rxd2 {[%clk 00:12:08]} {[%emt
00:00:13]} 47. Rb1 {[%clk 00:12:07]} {[%emt 00:02:48]} f5 {[%clk 00:11:21]}
{[%emt 00:01:17]} 48. Rf1 {[%clk 00:03:09]} {[%emt 00:09:27]} Rxb2 {[%clk
00:10:57]} {[%emt 00:00:54]} 49. Rxf5 {[%clk 00:02:09]} {[%emt 00:01:31]} Qxc3
{[%clk 00:11:23]} {[%emt 00:00:04]} 50. Rf3 {[%clk 00:02:24]} {[%emt 00:00:14]}
Qc5 {[%clk 00:10:11]} {[%emt 00:01:42]} 51. Qd1 {[%clk 00:02:02]} {[%emt
00:00:49]} Qc2 {[%clk 00:10:29]} {[%emt 00:00:16]} 52. Qg1 {[%clk 00:01:20]}
{[%emt 00:01:11]} a5 {[%clk 00:09:10]} {[%emt 00:01:49]} 53. Kh2 {[%clk
00:00:37]} {[%emt 00:01:12]} b5 {[%clk 00:04:54]} {[%emt 00:04:47]} 0-1

[Event "Deutsche Ländermeisterschaft 2025"]
[Site "Oer-Erkenschwick GER"]
[Date "2025.10.03"]
[Round "5"]
[White "Tu, Tiffany"]
[Black "Nönnig, Lotte"]
[Result "1-0"]
[Termination "normal"]
[Board "2.8"]
[WhiteElo "1707"]
[BlackElo "1642"]
[WhiteClock "01:00:49"]
[BlackClock "00:04:17"]
[WhiteTeam "Württemberg"]
[BlackTeam "Sachsen-Anhalt"]
[PlyCount "129"]
[WhiteFideId "34628576"]
[BlackFideId "34611509"]
[EventCountry "GER"]
[EventRounds "7"]
[EventType "team-swiss"]
[EventDate "2025.09.30"]

1. e4 {[%clk 01:30:57]} {[%emt 00:00:03]} e5 {[%clk 01:30:39]} {[%emt
00:00:21]} 2. Nf3 {[%clk 01:31:21]} {[%emt 00:00:07]} Nc6 {[%clk 01:30:48]}
{[%emt 00:00:21]} 3. Bb5 {[%clk 01:31:45]} {[%emt 00:00:07]} a6 {[%clk
01:30:36]} {[%emt 00:00:41]} 4. Ba4 {[%clk 01:32:08]} {[%emt 00:00:07]} Nf6
{[%clk 01:30:38]} {[%emt 00:00:28]} 5. d3 {[%clk 01:32:32]} {[%emt 00:00:05]}
d6 {[%clk 01:30:05]} {[%emt 00:01:02]} 6. c3 {[%clk 01:32:56]} {[%emt
00:00:07]} g6 {[%clk 01:29:47]} {[%emt 00:00:48]} 7. O-O {[%clk 01:33:00]}
{[%emt 00:00:26]} Bg7 {[%clk 01:29:22]} {[%emt 00:00:56]} 8. Re1 {[%clk
01:32:44]} {[%emt 00:00:45]} O-O {[%clk 01:28:34]} {[%emt 00:01:17]} 9. Nbd2
{[%clk 01:32:55]} {[%emt 00:00:19]} Nd7 {[%clk 01:27:59]} {[%emt 00:01:06]} 10.
Nf1 {[%clk 01:31:35]} {[%emt 00:01:50]} Nc5 {[%clk 01:27:35]} {[%emt 00:00:54]}
11. Bc2 {[%clk 01:27:29]} {[%emt 00:04:35]} Ne6 {[%clk 01:26:29]} {[%emt
00:01:36]} 12. Be3 {[%clk 01:24:38]} {[%emt 00:03:21]} Qf6 {[%clk 01:23:35]}
{[%emt 00:03:25]} 13. Qd2 {[%clk 01:24:32]} {[%emt 00:00:35]} Re8 {[%clk
01:13:04]} {[%emt 00:11:00]} 14. Rad1 {[%clk 01:23:31]} {[%emt 00:01:30]} Nf4
{[%clk 01:06:19]} {[%emt 00:07:16]} 15. Bxf4 {[%clk 01:22:40]} {[%emt
00:01:21]} exf4 {[%clk 01:06:01]} {[%emt 00:00:49]} 16. d4 {[%clk 01:21:22]}
{[%emt 00:01:47]} g5 {[%clk 00:55:14]} {[%emt 00:11:18]} 17. e5 {[%clk
01:15:29]} {[%emt 00:06:23]} dxe5 {[%clk 00:52:52]} {[%emt 00:02:52]} 18. Nxe5
{[%clk 01:14:35]} {[%emt 00:01:24]} Bf5 {[%clk 00:48:30]} {[%emt 00:04:51]} 19.
Bxf5 {[%clk 01:13:48]} {[%emt 00:01:17]} Qxf5 {[%clk 00:48:45]} {[%emt
00:00:15]} 20. Nxc6 {[%clk 01:13:57]} {[%emt 00:00:21]} bxc6 {[%clk 00:48:47]}
{[%emt 00:00:28]} 21. Rxe8+ {[%clk 01:00:50]} {[%emt 00:13:38]} Rxe8 {[%clk
00:49:14]} {[%emt 00:00:03]} 22. Re1 {[%clk 01:01:08]} {[%emt 00:00:11]} Rd8
{[%clk 00:46:29]} {[%emt 00:03:13]} 23. Qe2 {[%clk 01:01:01]} {[%emt 00:00:38]}
g4 {[%clk 00:26:37]} {[%emt 00:20:26]} 24. Qxa6 {[%clk 00:51:32]} {[%emt
00:09:58]} c5 {[%clk 00:14:56]} {[%emt 00:12:11]} 25. dxc5 {[%clk 00:43:34]}
{[%emt 00:08:28]} Qxc5 {[%clk 00:14:58]} {[%emt 00:00:27]} 26. Qa4 {[%clk
00:42:33]} {[%emt 00:01:27]} Qd6 {[%clk 00:07:32]} {[%emt 00:07:57]} 27. g3
{[%clk 00:39:15]} {[%emt 00:03:51]} fxg3 {[%clk 00:05:39]} {[%emt 00:02:22]}
28. Nxg3 {[%clk 00:39:03]} {[%emt 00:00:42]} Qg6 {[%clk 00:03:00]} {[%emt
00:03:09]} 29. Re4 {[%clk 00:36:52]} {[%emt 00:02:41]} h5 {[%emt 00:02:11]} 30.
Qb5 {[%clk 00:33:18]} {[%emt 00:03:56]} h4 {[%clk 00:00:46]} {[%emt 00:01:10]}
31. Nf5 {[%clk 00:33:34]} {[%emt 00:00:14]} Rd1+ {[%clk 00:00:45]} {[%emt
00:00:32]} 32. Kg2 {[%clk 00:34:02]} {[%emt 00:00:01]} h3+ {[%clk 00:00:51]}
{[%emt 00:00:25]} 33. Kg3 {[%clk 00:34:27]} {[%emt 00:00:05]} Rg1+ {[%clk
00:01:07]} {[%emt 00:00:13]} 34. Kf4 {[%clk 00:34:25]} {[%emt 00:00:31]} Bh6+
{[%clk 00:00:49]} {[%emt 00:00:50]} 35. Nxh6+ {[%clk 00:34:36]} {[%emt
00:00:19]} Qxh6+ {[%clk 00:01:07]} {[%emt 00:00:12]} 36. Qg5+ {[%clk 00:34:52]}
{[%emt 00:00:13]} Qxg5+ {[%clk 00:01:19]} {[%emt 00:00:18]} 37. Kxg5 {[%clk
00:35:21]} Rg2 {[%clk 00:00:45]} {[%emt 00:01:04]} 38. Rxg4 {[%emt 00:00:12]}
Rxh2 {[%clk 00:00:36]} {[%emt 00:00:38]} 39. Kf4+ {[%clk 00:35:36]} {[%emt
00:00:35]} Kf8 {[%clk 00:00:46]} {[%emt 00:00:21]} 40. Kg3 {[%clk 00:35:59]}
{[%emt 00:00:06]} Rh1 {[%clk 00:01:04]} {[%emt 00:00:13]} 41. Rh4 {[%clk
00:35:46]} {[%emt 00:00:39]} Ra1 {[%clk 00:27:26]} {[%emt 00:04:12]} 42. a4
{[%clk 01:05:37]} {[%emt 00:00:40]} Rb1 {[%clk 00:26:31]} {[%emt 00:01:24]} 43.
b4 {[%clk 01:05:17]} {[%emt 00:00:49]} Rb3 {[%clk 00:23:32]} {[%emt 00:03:31]}
44. Rc4 {[%clk 01:05:25]} {[%emt 00:00:19]} Rb2 {[%clk 00:22:56]} {[%emt
00:01:08]} 45. Rxc7 {[%clk 01:03:50]} {[%emt 00:02:05]} h2 {[%clk 00:19:03]}
{[%emt 00:04:24]} 46. Kxh2 {[%clk 01:03:22]} {[%emt 00:00:58]} Rxf2+ {[%clk
00:19:26]} {[%emt 00:00:07]} 47. Kg3 {[%clk 01:03:42]} {[%emt 00:00:10]} Rf6
{[%clk 00:16:12]} {[%emt 00:03:41]} 48. b5 {[%clk 01:02:20]} {[%emt 00:01:54]}
Ke8 {[%clk 00:14:51]} {[%emt 00:01:52]} 49. a5 {[%clk 01:01:11]} {[%emt
00:01:38]} Kd8 {[%clk 00:14:17]} {[%emt 00:01:04]} 50. b6 {[%clk 01:00:33]}
{[%emt 00:01:09]} Rf5 {[%clk 00:14:10]} {[%emt 00:00:37]} 51. a6 {[%clk
01:00:20]} {[%emt 00:00:41]} Rf6 {[%clk 00:12:59]} {[%emt 00:01:42]} 52. a7
{[%clk 01:00:32]} {[%emt 00:00:18]} Rxb6 {[%clk 00:13:15]} {[%emt 00:00:15]}
53. a8=Q+ {[%clk 01:00:24]} {[%emt 00:00:38]} Kxc7 {[%clk 00:13:18]} {[%emt
00:00:27]} 54. Qa7+ {[%clk 01:00:45]} {[%emt 00:00:09]} Rb7 {[%clk 00:13:32]}
{[%emt 00:00:16]} 55. Qc5+ {[%clk 01:01:07]} {[%emt 00:00:07]} Kd7 {[%clk
00:12:45]} {[%emt 00:01:14]} 56. Qf5+ {[%clk 01:01:21]} {[%emt 00:00:17]} Kd8
{[%clk 00:12:14]} {[%emt 00:01:01]} 57. Qf6+ {[%clk 01:00:54]} {[%emt
00:00:59]} Re7 {[%clk 00:10:06]} {[%emt 00:02:37]} 58. c4 {[%clk 01:00:50]}
{[%emt 00:00:34]} Ke8 {[%clk 00:09:01]} {[%emt 00:01:34]} 59. Qh8+ {[%clk
01:00:25]} {[%emt 00:00:55]} Kd7 {[%clk 00:09:23]} {[%emt 00:00:09]} 60. Qd4+
{[%clk 01:00:46]} {[%emt 00:00:10]} Ke8 {[%clk 00:07:30]} {[%emt 00:02:23]} 61.
c5 {[%clk 01:00:53]} {[%emt 00:00:22]} Rd7 {[%clk 00:07:11]} {[%emt 00:00:51]}
62. Qe5+ {[%clk 01:00:26]} {[%emt 00:00:55]} Kd8 {[%clk 00:06:50]} {[%emt
00:00:52]} 63. c6 {[%clk 01:00:16]} {[%emt 00:00:41]} Rc7 {[%clk 00:03:58]}
{[%emt 00:03:21]} 64. Qd6+ {[%clk 01:00:31]} {[%emt 00:00:15]} Kc8 {[%clk
00:04:17]} {[%emt 00:00:11]} 65. Qf8# {[%clk 01:00:49]} {[%emt 00:00:12]} 1-0